01602cam a22004097a 4500003000500000005001700005008004100022010001000063011001000073035001100083040000900094090001000103100003100113245015300144260004100297300001000338502007500348590003700423590004100460590004100501590004100542590004100583590004100624590004200665650004600707650003600753650005200789650003900841650002900880650004400909901000700953905002600960942001000986949005100996999001701047952012801064CHAP20220329142837.0040805d2003 mx r 00110 spa d a88605 a89577 a100128 cCHAP aTesis00aBautista Zarco, Noe91096710aDeterminación de la calidad de brinzales de Pinus montezumae Lamb., producidos en el vivero San Luis Tlaxialtemalco, D.F.c/por Noe Bautista Zarco aChapingo, Méx. :bEl autor,c2003. a91 h. aTesis (M.C.) -- CP. Instituto de Recursos Naturales. Programa Forestal aALEPHb10c20130110lUCH01h1459 aBATCH-UPDb10c20130110lUCH01h0607 aBATCH-UPDb10c20130410lUCH01h0249 aBATCH-UPDb10c20130410lUCH01h1638 aBATCH-UPDb10c20130914lUCH01h0548 aBATCH-UPDb10c20130914lUCH01h2148 aCONVERSIONb10c20130109lUCH01h134914aÁrbolesxFisiologia y morfologia.9659914aÁrboleszMexico (D.F.).9666014aPináceasxFisiología y morfología.98823614aPináceasxMéxico (D.F.)98825114aPinus montezumae.98835214aReforestaciónxMéxico (D.F.)995499 aBK aAlejandra Carrasco M. cTESIS aTesisbBCcTESd1001281eTS1h42261i100128sb c88605d88605 00102local4051708TESISaBCbBCcPA_TESISd2019-12-31fTESISl0oTesisp1001281r2019-12-31 00:00:00w2019-12-31yTESIS